<The> Calculus of Consent Logical Foundations of Constitutional Democracy
Enregistré dans:
| Auteur principal: | |
|---|---|
| Autres auteurs: | |
| Format: | Livre |
| Langue: | anglais |
| Publié: |
Michigan
The University of Michigan Press
1965
|
| Édition: | 1. ed. |
| Sujets: | |
| Tags: |
Pas de tags, Soyez le premier à ajouter un tag!
|
MARC
| LEADER | 00000nam a2200000 4500 | ||
|---|---|---|---|
| 001 | c016801 | ||
| 005 | 20221207073344.1 | ||
| 020 | |a 0-472-06100-3 | ||
| 041 | 0 | |a eng | |
| 044 | |a US | ||
| 245 | 1 | 0 | |a <The> Calculus of Consent |b Logical Foundations of Constitutional Democracy |c James M. Buchanan, Gordon Tullock |
| 250 | |a 1. ed. | ||
| 264 | 1 | |a Michigan |b The University of Michigan Press |c 1965 | |
| 300 | |a 361 s. | ||
| 610 | 2 | 0 | |a veda ekonomická |
| 610 | 2 | 0 | |a teórie ekonomické |
| 100 | 1 | |a Buchanan, James M. | |
| 700 | 1 | |a Tullock, Gordon | |